[Event "2nd NJ Futurity Int"]
[Site "New Jersey USA"]
[Date "2008.07.10"]
[Round "7"]
[White "Ju,E"]
[Black "Ehlvest,J"]
[Result "1/2-1/2"]
[WhiteElo "2286"]
[BlackElo "2603"]

1.e4 c5 2.Nf3 e6 3.d4 cxd4 4.Nxd4 a6 5.Nc3 d6 6.a4 Nf6 7.Be2 Be7 8.O-O O-O
9.f4 Nc6 10.Be3 Qc7 11.Bf3 Rd8 12.Kh1 Ne5 13.Be2 b6 14.Qe1 Nc4 15.Bc1 Bb7
16.Bd3 Rac8 17.Qe2 Nd7 18.f5 Bf6 19.fxe6 Bxd4 20.Rxf7 Nce5 21.exd7 Rxd7 22.Rxd7 Qxd7
23.Be3 Bxc3 24.bxc3 Nxd3 25.cxd3 Rxc3 26.Bxb6 Qc6 27.Bg1 h6 28.Rb1 Rc1 29.Qa2+ Kh7
30.Rxc1 Qxc1 31.Qf7 Qc8 32.h3 Bc6 33.Bh2 Qd7 34.Qxd7 Bxd7 35.Bxd6 Bxa4 36.e5 Bc2
37.d4 Bb3 38.Kg1 h5 39.Kf2 Kg6 40.Ke3 Bd5 41.g3  1/2-1/2

[Event "XXI Carlos Torre KO"]
[Site "Merida MEX"]
[Date "2008.12.17"]
[Round "1.1"]
[White "Ehlvest,J"]
[Black "Garcia,Gild"]
[Result "1-0"]
[WhiteElo "2581"]
[BlackElo "2410"]

1.d4 Nf6 2.c4 e6 3.Nc3 Bb4 4.e3 O-O 5.Bd3 c5 6.a3 Bxc3+ 7.bxc3 Nc6 8.Ne2 d6
9.e4 e5 10.d5 Ne7 11.f3 Ng6 12.O-O Nh5 13.g3 Bh3 14.Rf2 h6 15.Kh1 Nf6 16.Be3 Qe7
17.Qc2 b6 18.Rg1 h5 19.Re1 Qd8 20.Ng1 Qd7 21.f4 exf4 22.gxf4 Bg4 23.h3 Rae8
24.Rh2 Re7 25.hxg4 Nxg4 26.Rxh5 f5 27.Nh3 fxe4 28.Bxe4 Nxe3 29.Rxe3 Qg4 30.Qe2 Qxe2
31.Rxe2 Rf6 32.Bd3 Rxe2 33.Bxe2 Nxf4 34.Nxf4 Rxf4 35.Kg2  1-0

[Event "XXI Carlos Torre KO"]
[Site "Merida MEX"]
[Date "2008.12.18"]
[Round "2.2"]
[White "Bruzon Batista,L"]
[Black "Ehlvest,J"]
[Result "1/2-1/2"]
[WhiteElo "2622"]
[BlackElo "2581"]

1.e4 e6 2.d4 d5 3.Nc3 Nf6 4.Bg5 dxe4 5.Nxe4 Be7 6.Bxf6 gxf6 7.Nf3 f5 8.Nc3 a6
9.Qe2 b5 10.O-O-O b4 11.Na4 Qd5 12.Qc4 Qxc4 13.Bxc4 Rg8 14.g3 Nc6 15.Rhe1 Bb7
16.Nc5  1/2-1/2

[Event "XXI Carlos Torre KO"]
[Site "Merida MEX"]
[Date "2008.12.20"]
[Round "4.2"]
[White "Ehlvest,J"]
[Black "Quezada Perez,Y"]
[Result "1/2-1/2"]
[WhiteElo "2581"]
[BlackElo "2580"]

1.e4 c5 2.Nf3 e6 3.c4 Nc6 4.Nc3 Nf6 5.Be2 d5 6.e5 Ng4 7.cxd5 exd5 8.Bb5 d4
9.Ne4 Bd7 10.Qe2 Ncxe5 11.Bxd7+ Qxd7 12.Nxe5 Nxe5 13.f4 d3 14.Qe3 Ng4 15.Nf6+ Kd8
16.Nxg4 Qxg4 17.O-O Qd7 18.b4 Qd4 19.Qxd4+ cxd4 20.Bb2 b6 21.Bxd4 Kc7 22.Bc3 Rd8
23.Rf3 f6 24.Kf1 Bd6 25.Rc1 Kb7 26.Re1 Kc6 27.g3 Rhe8 28.Rc1 Kb5 29.Rxd3 Ka4
30.Rb1 Bf8 31.Rxd8 Rxd8 32.Ke2 Rd7 33.d4 f5 34.Kd3 g6 35.b5 Rc7 36.Rb3 Rc8
37.Bd2 Rc7 38.Bc3 Bd6 39.Rb2 Rc8 40.h3 Rc7 41.Rb3 Rc8 42.h4 Rc7 43.Rb2 Rc8
44.h5 Rc7 45.hxg6 hxg6 46.Re2 Kxb5 47.Re6 Bb4 48.Bxb4 Kxb4 49.d5 Kc5 50.Rxg6 Rd7
51.Rc6+ Kxd5 52.Rf6 Kc5+ 53.Kc3  1/2-1/2

[Event "XXI Carlos Torre KO"]
[Site "Merida MEX"]
[Date "2008.12.20"]
[Round "4.1"]
[White "Quezada Perez,Y"]
[Black "Ehlvest,J"]
[Result "1-0"]
[WhiteElo "2580"]
[BlackElo "2581"]

1.e4 e6 2.d4 d5 3.Nc3 Nf6 4.e5 Nfd7 5.f4 c5 6.Nf3 Nc6 7.Be3 cxd4 8.Nxd4 Bc5
9.Qd2 O-O 10.O-O-O a6 11.Qf2 Bxd4 12.Bxd4 b5 13.h4 b4 14.Na4 Nxd4 15.Rxd4 Rb8
16.Bd3 Qa5 17.b3 Bb7 18.Kb1 Bc6 19.Nb2 Qc5 20.Re1 a5 21.h5 a4 22.f5 Kh8 23.bxa4 f6
24.exf6 Nxf6 25.Rxe6 Bd7 26.h6 gxh6 27.Re2 Rbe8 28.Rf4 Qxf2 29.Rfxf2 h5 30.Kc1 Kg7
31.Rxe8 Rxe8 32.Kd2 Kh6 33.Re2 Ra8 34.c3 bxc3+ 35.Kxc3 Bxa4 36.Nxa4 Rxa4
37.Kb3 Rd4 38.Bb5 Ne4 39.a4 Nc5+ 40.Ka3 Kg5 41.a5 Rd1 42.Kb4 Ne4 43.Rb2 d4
44.a6 Ra1 45.Bd3 Nc3 46.Rb3 Nd5+ 47.Kc5 Nf4 48.Kb6 Nxd3 49.Rxd3 Rb1+ 50.Kc5 Rb2
51.Ra3 d3 52.a7 Rc2+ 53.Kb6 Rb2+ 54.Ka6 d2 55.a8=Q d1=Q 56.Qg8+ Kxf5 57.Qf7+  1-0

[Event "Open A"]
[Site "Moscow RUS"]
[Date "2009.02.03"]
[Round "4"]
[White "Ehlvest,J"]
[Black "Gubajdullin,A"]
[Result "1/2-1/2"]
[WhiteElo "2595"]
[BlackElo "2454"]

1.Nf3 d6 2.d4 Bg4 3.c4 Bxf3 4.exf3 g6 5.d5 Bg7 6.Be2 Nd7 7.f4 Nh6 8.g4 e5
9.dxe6 fxe6 10.h4 Qe7 11.Qc2 d5 12.Nc3 dxc4 13.Qa4 Nf7 14.Qxc4 Nd6 15.Qb3 h5
16.gxh5 Nc5 17.Qa3 Nf5 18.Be3 Nd3+ 19.Kd2 Nb4 20.Qa4+ c6 21.Ke1 Nd5 22.Bd2 Nd4
23.Bd1 Rf8 24.Nxd5 exd5+ 25.Kf1 Qe4 26.Rh3 Be5 27.Bg4 Rxf4 28.Bxf4  1/2-1/2

[Event "Open A"]
[Site "Moscow RUS"]
[Date "2009.02.06"]
[Round "7"]
[White "Kabanov,N"]
[Black "Ehlvest,J"]
[Result "1/2-1/2"]
[WhiteElo "2502"]
[BlackElo "2595"]

1.e4 e6 2.d4 d5 3.Nc3 Nf6 4.e5 Nfd7 5.f4 c5 6.Nf3 Nc6 7.Be3 cxd4 8.Nxd4 Qb6
9.a3 Bc5 10.Na4 Qa5+ 11.c3 Bxd4 12.Bxd4 Nxd4 13.Qxd4 b6 14.Qb4 Qxb4 15.axb4 Ke7
16.c4 dxc4 17.Bxc4 Bb7 18.O-O g5 19.Bb5 gxf4 20.Bxd7 Rhg8 21.g3 fxg3 22.Rac1 gxh2+
23.Kxh2 Rg2+ 24.Kh3 Rag8 25.Bc6 R8g3+ 26.Kh4 Rg4+  1/2-1/2

[Event "Open A"]
[Site "Moscow RUS"]
[Date "2009.02.07"]
[Round "8"]
[White "Ehlvest,J"]
[Black "Popov,Iv RUS"]
[Result "1/2-1/2"]
[WhiteElo "2595"]
[BlackElo "2541"]

1.e4 c6 2.d4 d5 3.exd5 cxd5 4.Bd3 Nc6 5.c3 Qc7 6.h3 Nf6 7.Nf3 g6 8.O-O Bg7
9.Re1 O-O 10.Bg5 Re8 11.Nbd2 Bf5 12.Bxf5 gxf5 13.Bxf6 Bxf6 14.Nf1 e6 15.Ng3 Kh8
16.Nh5 Be7 17.Kh1 Rg8 18.Ne5 Nxe5 19.Rxe5 Bd6 20.Re1 Qe7 21.g3  1/2-1/2

[Event "Chicago Open"]
[Site "Wheeling USA"]
[Date "2009.05.25"]
[Round "6"]
[White "Ehlvest,J"]
[Black "Shabalov,A"]
[Result "1-0"]
[WhiteElo "2606"]
[BlackElo "2569"]

1.c4 b6 2.Nc3 Bb7 3.e4 e6 4.d3 Bb4 5.Qg4 Qf6 6.Ne2 Qg6 7.Qh3 Ne7 8.a3 Bxc3+
9.Nxc3 f5 10.Qg3 Qxg3 11.hxg3 Nbc6 12.Be3 O-O-O 13.O-O-O h6 14.f3 d5 15.cxd5 exd5
16.Bf2 Rhf8 17.exf5 d4 18.Ne4 Nxf5 19.Re1 Na5 20.g4 Nd6 21.Nd2 c5 22.Rh5 Rf7
23.Bg3 Kd7 24.b3 Re8 25.Rxe8 Nxe8 26.b4 Nf6 27.Rh1 cxb4 28.axb4 Nc6 29.b5 Nd8
30.Nc4 Re7 31.Nd6 Ke6 32.Nf5 Rd7 33.Bf2 Ke5 34.Be2 g6 35.Bg3+ Kd5 36.Nxh6 Kc5
37.Kd2 Ne6 38.Be5 Nd5 39.Ng8 Nef4 40.Nf6 Nxf6 41.Bxf4 Nd5 42.Be5 Nc3 43.Rh6 Kxb5
44.Rxg6 Nxe2 45.Kxe2 a5 46.Rg7 Rxg7 47.Bxg7 Kc5 48.g5 Kd5 49.g6 b5 50.Bf6 Bc8
51.Bd8 a4 52.g7 Be6 53.Be7 Bg8 54.g4 Ke5 55.Kf2 Ke6 56.Bf8 Kf6 57.f4 Bd5
58.Bc5 Kxg7 59.Bxd4+ Kg6 60.Bc5 Bb3 61.d4 Bd1 62.Kg3  1-0

[Event "National Open"]
[Site "Las Vegas USA"]
[Date "2009.06.06"]
[Round "3"]
[White "Kraai,J"]
[Black "Ehlvest,J"]
[Result "1-0"]
[WhiteElo "2488"]
[BlackElo "2606"]

1.Nf3 f5 2.b3 d6 3.d4 Nf6 4.Bb2 g6 5.e3 Bg7 6.Bc4 e6 7.O-O O-O 8.Nbd2 Nc6
9.Qe2 a6 10.a3 Bd7 11.b4 Qe8 12.Bb3 Nd8 13.c4 Bc6 14.a4 Nf7 15.b5 Bd7 16.e4 Nh5
17.exf5 gxf5 18.Rfe1 Nf4 19.Qe3 Ng6 20.Rab1 Qd8 21.c5 Re8 22.Bc4 axb5 23.axb5 d5
24.Bf1 c6 25.b6 f4 26.Qb3 e5 27.dxe5 Ngxe5 28.Nxe5 Nxe5 29.Ne4 Bf5 30.Rbd1 Bxe4
31.Rxe4 Qg5 32.Bxe5 Bxe5 33.Ra4 Rxa4 34.Qxa4 Kg7 35.Rxd5 Qe7 36.Rd1 Qxc5
37.Qe4 Re7 38.Bd3 Kf8 39.Qf5+ Rf7 40.Qc8+ Kg7 41.Qg4+ Kh8 42.Qh5 Re7 43.Bxh7 Bd4
44.Bf5+ Kg7 45.Qg5+ Kf7 46.Qxf4 Qe5 47.Be6+ Kxe6 48.Qxd4 Qxd4 49.Rxd4 Ke5
50.Rd1 Rh7 51.g4 c5 52.Kg2 Rh6 53.Kg3 Rxb6 54.f4+ Ke4 55.Re1+ Kd3 56.g5 c4
57.f5 c3 58.f6 c2 59.Rc1 Rb3 60.Kf4 Rb1 61.Rxc2 Kxc2 62.g6 b5 63.g7 Rg1 64.f7 Rf1+
65.Ke3 Rxf7 66.g8=Q Ra7 67.Qg2+  1-0

[Event "National Open"]
[Site "Las Vegas USA"]
[Date "2009.06.06"]
[Round "4"]
[White "Ehlvest,J"]
[Black "Bradford,J"]
[Result "1-0"]
[WhiteElo "2606"]
[BlackElo "2419"]

1.d4 Nf6 2.Nf3 e6 3.c4 d5 4.g3 dxc4 5.Bg2 Bb4+ 6.Bd2 a5 7.O-O O-O 8.Nc3 Nc6
9.Bg5 h6 10.Bxf6 Qxf6 11.Nb5 Bd7 12.Qc2 Rac8 13.Qxc4 Rfd8 14.Rac1 e5 15.a3 Bd6
16.d5 Ne7 17.Nd2 Qg6 18.Qb3 Nf5 19.e3 a4 20.Qxa4 Nxe3 21.fxe3 Qd3 22.Nc4 Ra8
23.Qd1 Qxd1 24.Rfxd1 Bxb5 25.Nxd6 cxd6 26.Rc7 Rab8 27.Bh3 Be8 28.Rdc1 b5
29.b4 Ra8 30.R1c3 Kf8 31.Bc8 g6 32.g4 Kg7 33.e4 Kf8 34.Kf2 Rb8 35.h4 Ra8
36.Kg3 Ra4 37.h5 g5 38.Kf2 Ra8 39.Ke3 Kg8 40.Kd2 Kf8 41.Kc2 Rb8 42.Kb2 Kg7
43.Bf5 Kf8 44.Ra7 Ra8 45.Rb7 Rab8 46.Rcc7 Rxb7 47.Rxb7 Kg7 48.a4 bxa4 49.Ka3 Kf8
50.b5 Ra8 51.b6 Ra6 52.Rb8 Ke7 53.Bc8  1-0

[Event "2nd Marshall CC Int"]
[Site "New York USA"]
[Date "2009.06.19"]
[Round "1"]
[White "Yang,Dar"]
[Black "Ehlvest,J"]
[Result "1/2-1/2"]
[WhiteElo "2231"]
[BlackElo "2606"]

1.d4 f5 2.c4 g6 3.Nf3 Nf6 4.g3 Bg7 5.Bg2 O-O 6.O-O d6 7.Nc3 Qe8 8.Nd5 Nxd5
9.cxd5 Qb5 10.Ng5 c6 11.a4 Qb6 12.e3 Na6 13.Ra3 Nc7 14.Rb3 Qa6 15.dxc6 bxc6
16.Rc3 Nd5 17.Bxd5+ cxd5 18.b4 Bd7 19.Ba3 Rac8 20.Qb3 Qb7 21.Rfc1 Rxc3 22.Rxc3 a6
23.Nh3 e5 24.b5 Rc8 25.bxa6 Qxa6 26.dxe5 dxe5 27.Qxd5+ Be6 28.Rxc8+ Qxc8
29.Qc5 Qd7 30.Qd6 Qxd6 31.Bxd6 e4 32.a5 Bc4 33.Kg2 h6 34.f3 exf3+ 35.Kxf3 Bd5+
36.Kf2 Bc4 37.Ng1 Kf7 38.Nf3 Ke6 39.Bc5 Bc3 40.Bb6 g5 41.h4 Bf6 42.hxg5 hxg5
43.Nd2 Bd3 44.Nb3 Be7 45.Nc5+ Bxc5 46.Bxc5 g4 47.Ke1 Kd5  1/2-1/2

[Event "2nd Marshall CC Int"]
[Site "New York USA"]
[Date "2009.06.21"]
[Round "5"]
[White "Ehlvest,J"]
[Black "Esserman,M"]
[Result "1-0"]
[WhiteElo "2606"]
[BlackElo "2391"]

1.e4 c5 2.Nf3 d6 3.d4 cxd4 4.Nxd4 Nf6 5.Nc3 a6 6.Be3 e6 7.f4 Nc6 8.Qf3 e5
9.Nxc6 bxc6 10.Bc4 Be7 11.f5 h5 12.O-O-O Qa5 13.Kb1 Bb7 14.Bb3 Rb8 15.h3 h4
16.g4 hxg3 17.Qxg3 Rh7 18.Rhg1 c5 19.Bg5 Nxe4 20.Nxe4 Bxe4 21.Bxe7 Kxe7 22.Qg5+ Kf8
23.Rxd6 c4 24.Rgd1 f6 25.Rxf6+ gxf6 26.Qxf6+ Ke8 27.Qe6+  1-0

[Event "2nd Marshall CC Int"]
[Site "New York USA"]
[Date "2009.06.22"]
[Round "8"]
[White "Arnold,Mar"]
[Black "Ehlvest,J"]
[Result "0-1"]
[WhiteElo "2408"]
[BlackElo "2606"]

1.d4 Nf6 2.c4 g6 3.Nf3 Bg7 4.g3 O-O 5.Bg2 d6 6.O-O Nbd7 7.Nc3 e5 8.e4 a6
9.dxe5 dxe5 10.Qc2 c6 11.h3 Qe7 12.Be3 Ne8 13.Rfd1 Nc7 14.c5 f5 15.Na4 f4
16.Bd2 Nb5 17.Kh2 g5 18.Qc4+ Kh8 19.Nb6 Nxb6 20.cxb6 a5 21.Rac1 g4 22.Nh4 Nd4
23.Qc5 fxg3+ 24.fxg3 Qxc5 25.Rxc5 gxh3 26.Bxh3 Rf2+ 27.Kg1 Rxd2 28.Rxd2 Bxh3
29.Rh2 Be6 30.Ng6+ Kg8 31.Ne7+ Kf7 32.Rxh7 Nf3+  0-1

[Event "Continental ch-Americas"]
[Site "Sao Paulo BRA"]
[Date "2009.07.26"]
[Round "2"]
[White "Ehlvest,J"]
[Black "Romero Pino,C"]
[Result "1-0"]
[WhiteElo "2614"]
[BlackElo "2299"]

1.d4 Nf6 2.c4 e6 3.Nf3 b6 4.g3 Bb7 5.Bg2 Be7 6.Nc3 Ne4 7.Bd2 O-O 8.d5 exd5
9.cxd5 Nxc3 10.Bxc3 Bf6 11.Rc1 c5 12.dxc6 Nxc6 13.O-O Bxc3 14.Rxc3 d5 15.Nd4 Ne5
16.Qd2 Qd7 17.b3 Rac8 18.Rfc1 Rxc3 19.Rxc3 Rc8 20.Rxc8+ Bxc8 21.Nc2 Bb7 22.Nb4 h5
23.h3 Qf5 24.Nxd5 Bxd5 25.Qxd5 Qb1+ 26.Kh2 Qb2 27.Qb5 h4 28.gxh4 Qd4 29.e3 Qb2
30.h5 f6 31.Qe8+ Kh7 32.Be4+ f5 33.Bxf5+ Kh6 34.Kg2  1-0

[Event "Continental ch-Americas"]
[Site "Sao Paulo BRA"]
[Date "2009.07.28"]
[Round "5"]
[White "Della Morte,G"]
[Black "Ehlvest,J"]
[Result "0-1"]
[WhiteElo "2383"]
[BlackElo "2614"]

1.e4 g6 2.d4 d6 3.Nc3 c6 4.Be3 Bg7 5.Qd2 Nf6 6.f3 b5 7.O-O-O Nbd7 8.g4 h6
9.Nce2 Nb6 10.Ng3 h5 11.g5 Nfd7 12.h4 Nc4 13.Bxc4 bxc4 14.Kb1 Rb8 15.Ka1 Nc5
16.Rb1 Na4 17.N1e2 O-O 18.Nc3 Nxc3 19.Qxc3 c5 20.f4 Bg4 21.Rh2 cxd4 22.Bxd4 Bxd4
23.Qxd4 Qa5 24.c3 e5 25.fxe5 dxe5 26.Qf2 Rfd8 27.Nf1 Rd6 28.a3 Rb3 29.Ne3 Rxa3+
30.bxa3 Qxa3+ 31.Qa2 Qxc3+ 32.Rhb2 Qxe3 33.Qxc4 Be6 34.Qa4 Qd3 35.Rb5 Qc3+
36.R1b2 Qe1+ 37.Rb1 Qc3+ 38.R1b2 Bd7 39.Rb8+ Kg7 40.Qc2 Ra6+  0-1

[Event "Continental ch-Americas"]
[Site "Sao Paulo BRA"]
[Date "2009.07.29"]
[Round "6"]
[White "Ehlvest,J"]
[Black "Bittencourt,J"]
[Result "*"]
[WhiteElo "2614"]
[BlackElo "2471"]

1.d4 Nf6 2.c4 e6 3.g3 d5 4.Nf3 dxc4 5.Bg2 Nc6 6.O-O Rb8 7.Nc3 b5 8.Ne5 Nxe5
9.dxe5 Nd7 10.Qd4 c5 11.Qf4 Qc7 12.Rd1 Nxe5 13.a4 bxa4  *

[Event "Continental ch-Americas"]
[Site "Sao Paulo BRA"]
[Date "2009.07.30"]
[Round "7"]
[White "Iturrizaga,E"]
[Black "Ehlvest,J"]
[Result "0-1"]
[WhiteElo "2555"]
[BlackElo "2614"]

1.Nf3 f5 2.g3 Nf6 3.Bg2 g6 4.d4 Bg7 5.b4 O-O 6.O-O d6 7.Bb2 Qe8 8.c4 h6 9.Nc3 g5
10.e4 fxe4 11.Nd2 Nc6 12.Nb5 Qd8 13.Qb3 a6 14.Nxe4 Nxe4 15.Bxe4 Bh3 16.Rfe1 e6
17.d5 Bxb2 18.Qxb2 Ne5 19.Nd4 Qf6 20.Qe2 exd5 21.cxd5 Rae8 22.f3 Nxf3+ 23.Nxf3 g4
24.Nh4 Qd4+ 25.Kh1 Rxe4 26.Qc2 Rfe8 27.Reb1 Qxd5 28.Kg1 Qd4+ 29.Kh1 Qxa1
30.Qxe4 Rxe4 31.Rxa1 Rxb4 32.Rc1 c6 33.Kg1 Rb2 34.Re1 Kf7 35.Nf5 Rg2+ 36.Kh1 Rd2  0-1

[Event "Continental ch-Americas"]
[Site "Sao Paulo BRA"]
[Date "2009.07.31"]
[Round "8"]
[White "Ehlvest,J"]
[Black "Milos,G"]
[Result "1/2-1/2"]
[WhiteElo "2614"]
[BlackElo "2589"]

1.c4 c5 2.Nf3 Nf6 3.Nc3 Nc6 4.g3 d5 5.cxd5 Nxd5 6.Bg2 Nc7 7.Qa4 Bd7 8.Qe4 g6
9.Ne5 Bg7 10.Nxd7 Qxd7 11.O-O O-O 12.a3 Rac8 13.Rb1 Rfd8 14.b4 Ne6 15.b5 Ncd4
16.b6 a6 17.Nd5 c4 18.Qh4 Rc5 19.e4 Nc6 20.Bb2 Bxb2 21.Rxb2 Ned4  1/2-1/2

[Event "Continental ch-Americas"]
[Site "Sao Paulo BRA"]
[Date "2009.08.02"]
[Round "10"]
[White "Shabalov,A"]
[Black "Ehlvest,J"]
[Result "1-0"]
[WhiteElo "2580"]
[BlackElo "2614"]

1.e4 c6 2.d4 d5 3.e5 Bf5 4.Nd2 e6 5.Nb3 Nd7 6.Nf3 Ne7 7.Be2 Qc7 8.O-O f6
9.Bf4 Ng6 10.Bg3 fxe5 11.dxe5 c5 12.c4 d4 13.Bd3 Bxd3 14.Qxd3 Be7 15.Qe4 O-O
16.Ne1 Nb8 17.Nf3 Nc6 18.h4 Qd7 19.Rae1 Rf5 20.Qg4 Nh8 21.Bf4 Raf8 22.Re4 b6
23.Rfe1 a5 24.a3 Qe8 25.Qh3 h5 26.Bg5 Bxg5 27.Nxg5 Nd8 28.R4e2 Qe7 29.Ne4 Ng6
30.Ng3 R5f7 31.Ne4 Rf4 32.Ng5 Nf7  1-0

[Event "USCL 2009"]
[Site "ICC INT"]
[Date "2009.09.30"]
[Round "5"]
[White "Serper,G"]
[Black "Ehlvest,J"]
[Result "1/2-1/2"]
[WhiteElo "2522"]
[BlackElo "2614"]

1.d4 Nf6 2.c4 e6 3.Nc3 Bb4 4.e3 O-O 5.Bd3 d5 6.Ne2 c5 7.cxd5 cxd4 8.exd4 Nxd5
9.O-O Nc6 10.Nxd5 exd5 11.Nf4 Bd6 12.a3 g6 13.Re1 Nxd4 14.Bxg6 Ne6 15.Nxe6 fxe6
16.Bxh7+ Kxh7 17.Qh5+ Kg8 18.Qg6+ Kh8 19.Qh6+ Kg8 20.Qg6+ Kh8 21.Qh5+ Kg8
22.Qg4+ Kf7 23.Qh5+ Kg8 24.Qg6+ Kh8  1/2-1/2

[Event "Reykjavik Open"]
[Site "Reykjavik ISL"]
[Date "2010.02.24"]
[Round "1"]
[White "Thorgeirsson,S"]
[Black "Ehlvest,J"]
[Result "0-1"]
[WhiteElo "2176"]
[BlackElo "2600"]

1.e4 e5 2.Nf3 Nc6 3.Bb5 Bc5 4.O-O Qf6 5.d3 h6 6.Be3 Bb6 7.c3 Nge7 8.d4 O-O
9.d5 Bxe3 10.fxe3 Nb8 11.d6 cxd6 12.c4 d5 13.cxd5 Qb6 14.Qe2 d6 15.Nc3 a6
16.Ba4 Nd7 17.Bxd7 Bxd7 18.Nh4 Rac8 19.Rae1 Bb5 20.Nxb5 Qxb5 21.Qxb5 axb5
22.Rc1 g6 23.g4 Kg7 24.h3 Ng8 25.Nf3 Nf6 26.Nd2 Rxc1 27.Rxc1 Ra8 28.a3 b4
29.a4 Rxa4 30.Kf2 Ra2 31.Rb1 b5 32.Ke2 Nd7 33.Kd3 Nc5+ 34.Kc2 Ra4 35.Re1 b3+
36.Kc3 Kf8  0-1

[Event "Reykjavik Open"]
[Site "Reykjavik ISL"]
[Date "2010.02.25"]
[Round "2"]
[White "Ehlvest,J"]
[Black "Arngrimsson,D"]
[Result "1-0"]
[WhiteElo "2600"]
[BlackElo "2383"]

1.e4 e5 2.Nf3 Nc6 3.Bc4 Bc5 4.c3 Nf6 5.d3 d6 6.Bb3 O-O 7.O-O Bb6 8.Nbd2 Ne7
9.Nc4 Ng6 10.a4 c6 11.Nxb6 Qxb6 12.a5 Qc7 13.Bg5 Nd7 14.d4 c5 15.Nh4 exd4
16.cxd4 cxd4 17.Bd5 Nc5 18.Nxg6 hxg6 19.b4 Ne6 20.Rc1 Qd7 21.Qd2 Re8 22.a6 Rb8
23.f4 Qb5 24.Bc4 Qb6 25.f5 gxf5 26.exf5 Nc7 27.f6 Be6 28.Bd3 Nd5 29.fxg7 bxa6
30.Bf6 Ne3 31.Qf2  1-0

[Event "Reykjavik Open"]
[Site "Reykjavik ISL"]
[Date "2010.02.27"]
[Round "5"]
[White "Romanishin,O"]
[Black "Ehlvest,J"]
[Result "1/2-1/2"]
[WhiteElo "2512"]
[BlackElo "2600"]

1.Nf3 Nf6 2.g3 d5 3.Bg2 e6 4.O-O c5 5.d4 Nc6 6.c4 Be7 7.dxc5 Bxc5 8.a3 a5
9.cxd5 exd5 10.Bg5 O-O 11.Nc3 d4 12.Bxf6 Qxf6 13.Ne4 Qe7 14.Nxc5 Qxc5 15.Rc1 Qb6  1/2-1/2

[Event "Reykjavik Open"]
[Site "Reykjavik ISL"]
[Date "2010.02.28"]
[Round "6"]
[White "Ehlvest,J"]
[Black "Boskovic,D"]
[Result "0-1"]
[WhiteElo "2600"]
[BlackElo "2454"]

1.d4 Nf6 2.Nf3 g6 3.c4 c5 4.d5 e6 5.Nc3 exd5 6.cxd5 d6 7.h3 Bg7 8.e4 O-O
9.Bg5 h6 10.Be3 Re8 11.Bd3 a6 12.a4 Nh5 13.O-O Nd7 14.Re1 Rb8 15.Rb1 Qf6
16.Qd2 g5 17.Ne2 b5 18.axb5 axb5 19.b4 c4 20.Bc2 Ne5 21.Nxe5 dxe5 22.Ra1 Bf8
23.Ra7 Nf4 24.Ng3 h5 25.Bc5 Rd8 26.Qe3 h4 27.Nf1 g4 28.hxg4 Bxg4 29.Bxf8 Rxf8
30.Nh2 Qg6 31.g3 Bh3 32.Rea1 Rb6 33.Re7 hxg3 34.fxg3 Qg5 35.Rea7 Rf6 36.R1a3 Kh7
37.R7a6 Rg8 38.Rxf6 Qxf6 39.Qf2 Qh6 40.Rf3 Rg7 41.Qe1 Qb6+ 42.Qe3 Ne2+ 43.Kf2 Nd4
44.g4 Bxg4 45.Nxg4 Rxg4 46.Rxf7+ Kg8 47.Bd1 Rg6 48.Rd7 Qf6+ 49.Ke1 Rg2  0-1

[Event "Reykjavik Open"]
[Site "Reykjavik ISL"]
[Date "2010.03.01"]
[Round "7"]
[White "Gretarsson,Hj"]
[Black "Ehlvest,J"]
[Result "0-1"]
[WhiteElo "2358"]
[BlackElo "2600"]

1.c4 Nf6 2.d4 g6 3.Nc3 Bg7 4.e4 d6 5.f3 O-O 6.Nge2 c5 7.d5 e6 8.Ng3 exd5
9.cxd5 a6 10.a4 Ne8 11.Be3 f5 12.Qd2 fxe4 13.Ngxe4 Nf6 14.Be2 Nxe4 15.Nxe4 Bf5
16.Bg5 Qb6 17.a5 Qc7 18.Nc3 c4 19.Ra4 Re8 20.O-O Nd7 21.Rxc4 Qxa5 22.g4 Ne5
23.Rd4 Qc5 24.Rd1 Nd3 25.Bxd3 Qxd4+ 26.Kf1 Bxd3+ 27.Qxd3 Qxd3+ 28.Rxd3 Bxc3  0-1

[Event "Philadelphia Open"]
[Site "Philadelphia USA"]
[Date "2010.04.01"]
[Round "2"]
[White "Rodriguez,Er"]
[Black "Ehlvest,J"]
[Result "0-1"]
[WhiteElo "2285"]
[BlackElo "2598"]

1.d4 d6 2.c4 f5 3.g3 Nf6 4.Bg2 g6 5.Nc3 Bg7 6.Nh3 Nc6 7.d5 Ne5 8.Rb1 O-O
9.b3 c5 10.O-O a6 11.a4 Rb8 12.Nf4 Ne8 13.Bd2 Nc7 14.f3 Qe8 15.Kh1 b5 16.cxb5 axb5
17.axb5 Nxb5 18.Nxb5 Qxb5 19.Bc3 Bd7 20.Qc1 Ra8 21.Bb2 Rfb8 22.Bc3 Ra2 23.Re1 Qa6
24.Nd3 Nf7 25.Bxg7 Kxg7 26.Qc3+ Kg8 27.e4 fxe4 28.fxe4 Qa5 29.b4 cxb4 30.Rxb4 Rc8
31.Qd4 Rd2 32.Reb1 Ne5 33.R4b3 Qa2  0-1

[Event "Philadelphia Open"]
[Site "Philadelphia USA"]
[Date "2010.04.01"]
[Round "3"]
[White "Ehlvest,J"]
[Black "Bartell,T"]
[Result "1/2-1/2"]
[WhiteElo "2598"]
[BlackElo "2376"]

1.Nf3 Nf6 2.c4 b6 3.d4 e6 4.g3 Bb7 5.Bg2 Be7 6.Nc3 Ne4 7.Bd2 f5 8.d5 Bf6
9.Qc2 Nxc3 10.Bxc3 Na6 11.Rd1 Bxc3+ 12.Qxc3 Qf6 13.Qxf6 gxf6 14.Nd4 O-O-O
15.O-O Rde8 16.dxe6 dxe6 17.Nb5 Bxg2 18.Kxg2 Kb8 19.a3 Rd8 20.Kf3 Kb7 21.Ke3 Nb8
22.f3 Nc6 23.b3 Na5 24.Rb1 a6 25.Nc3 h5 26.Rfd1 c5 27.h4 Kc6 28.a4 Kc7 29.Kf2 Kc6
30.Rd3 Rxd3 31.exd3 Kd6 32.b4 cxb4 33.Rxb4 Kc5 34.Rb1 Rd8 35.Ke3 Rg8 36.Ne2 e5
37.Kd2 Nc6 38.Ke3 Rg7 39.Rg1 Kb4 40.Rb1+ Kc5 41.Rg1 Kb4  1/2-1/2

[Event "ch-USA"]
[Site "Saint Louis USA"]
[Date "2010.05.16"]
[Round "3"]
[White "Christiansen,L"]
[Black "Ehlvest,J"]
[Result "1/2-1/2"]
[WhiteElo "2578"]
[BlackElo "2591"]

1.e4 e5 2.Nf3 Nc6 3.Bb5 Nf6 4.Qe2 a6 5.Ba4 b5 6.Bb3 Bc5 7.c3 O-O 8.O-O d6
9.Rd1 Bb6 10.h3 Bb7 11.d3 Ne7 12.Bg5 Ng6 13.Nh4 Nxh4 14.Bxh4 h6 15.Nd2 Qe7
16.Nf1 Bc8 17.Ne3 g5 18.Bg3 Be6 19.Qf3 Bxe3 20.Qxe3 Nh5 21.d4 f6 22.Bh2 Nf4
23.f3 h5 24.Kh1 Kh7 25.d5 Bd7 26.Rac1 a5 27.a3 Rab8 28.Rd2 Rb7 29.c4 a4 30.Bd1 bxc4
31.Rxc4 Rfb8 32.Qc3 Bb5 33.Rb4 Be8 34.Rxb7 Rxb7 35.Qa5 Rb5 36.Qa7 Rc5 37.Rc2 Rxc2
38.Bxc2 Qd7 39.Bxf4 gxf4 40.Qb8 c5 41.dxc6 Qxc6 42.Bd3 Kg7 43.Kh2 Bf7 44.Bb5 Qc5
45.Bxa4 Qf2 46.Bb5 d5 47.exd5 Qg3+ 48.Kg1 e4 49.fxe4 Qe3+ 50.Kf1 Qc1+ 51.Ke2 Qe3+
52.Kf1 Qc1+ 53.Ke2 Qe3+  1/2-1/2

[Event "ch-USA"]
[Site "Saint Louis USA"]
[Date "2010.05.18"]
[Round "5"]
[White "Ehlvest,J"]
[Black "Kraai,J"]
[Result "0-1"]
[WhiteElo "2591"]
[BlackElo "2492"]

1.c4 e6 2.d4 Nf6 3.Nc3 Bb4 4.e3 O-O 5.Bd3 d5 6.Nf3 c5 7.O-O cxd4 8.exd4 dxc4
9.Bxc4 b6 10.Bg5 Bb7 11.Rc1 Nbd7 12.Bb3 Rc8 13.Qe2 Bxc3 14.bxc3 Qc7 15.Nd2 Qc6
16.f3 b5 17.Rfe1 Qb6 18.Qf2 h6 19.Bh4 Nd5 20.Ne4 Nf4 21.Qd2 Ng6 22.Bf2 Bd5
23.Rb1 Qc6 24.Nc5 Rfd8 25.Qc1 Nxc5 26.dxc5 e5 27.Qe3 Nf4 28.Bc2 f6 29.Rb4 Bxa2
30.Rb2 Bc4 31.Ra1 Nd3 32.Bxd3 Rxd3 33.Qe4 Qxe4 34.fxe4 Rxc3 35.Rd2 Bd3 36.h4 Rc7
37.h5 Bxe4 38.Rd8+ Kf7 39.Rad1 b4 40.R1d7+ Rxd7 41.Rxd7+ Ke6 42.Rxa7  0-1

[Event "ch-USA"]
[Site "Saint Louis USA"]
[Date "2010.05.23"]
[Round "9"]
[White "Kaidanov,G"]
[Black "Ehlvest,J"]
[Result "1-0"]
[WhiteElo "2577"]
[BlackElo "2591"]

1.e4 c5 2.Nf3 e6 3.d4 cxd4 4.Nxd4 a6 5.Nc3 d6 6.Be3 Nf6 7.Qd2 b5 8.f3 Nbd7
9.g4 Nb6 10.O-O-O Bb7 11.Bd3 Rc8 12.Kb1 Be7 13.h4 Nfd7 14.Nce2 Ne5 15.Qe1 O-O
16.g5 d5 17.Ng3 Qc7 18.h5 Nbc4 19.Bc1 Bc5 20.Nde2 Ne3 21.Bxe3 Bxe3 22.h6 g6
23.f4 Nf3 24.Qf1 dxe4 25.Nxe4 Bxe4 26.Bxe4 Nd2+ 27.Rxd2 Bxd2 28.Qf3 Rfd8
29.Rf1 b4 30.Bd3 a5 31.Ng3 a4 32.Ne4 b3 33.axb3 axb3 34.Nf6+ Kh8 35.cxb3 Bxf4
36.Qxf4 Rxd3 37.Qxc7 Rxc7 38.b4 Rc4 39.b5 Rd2 40.Rf3 Rb4 41.Rc3 Rd8 42.Rc7 Rf8
43.Nd7  1-0

[Event "AES Dominicana"]
[Site "Santo Domingo DOM"]
[Date "2010.06.02"]
[Round "1"]
[White "Ehlvest,J"]
[Black "Michelen,V"]
[Result "1-0"]
[WhiteElo "2591"]
[BlackElo "2134"]

1.e4 e5 2.Nf3 Qe7 3.Bc4 h6 4.d4 d6 5.Nc3 c6 6.d5 Nf6 7.h3 a6 8.a4 Qc7 9.Be3 c5
10.a5 Nbd7 11.Be2 Be7 12.Nd2 b5 13.axb6 Nxb6 14.Nb3 O-O 15.Na5 Bd7 16.O-O Rfb8
17.f3 Ne8 18.Qd2 Bf6 19.Ra2 Qc8 20.Rfa1 Nc7 21.Nc6 Bxc6 22.dxc6 Ne8 23.Rxa6 Rxa6
24.Bxa6 Qxc6 25.Bb5 Qc7 26.g3 Qe7 27.Bxe8 Rxe8 28.h4 Rb8 29.Kg2 Nc8 30.Nd5 Qd8
31.Qd1 Nb6 32.Ra7 Nxd5 33.Qxd5 Be7 34.c3 Kf8 35.Qc4 Qb6 36.Qa4 f5 37.Qd7 Re8
38.Rb7 Qd8 39.Qxf5+ Kg8 40.b4 cxb4 41.cxb4 Bf6 42.Bxh6 Qa8 43.Rd7 Re7 44.Rxe7 Bxe7
45.Be3  1-0

[Event "AES Dominicana"]
[Site "Santo Domingo DOM"]
[Date "2010.06.03"]
[Round "2"]
[White "Mazara,A"]
[Black "Ehlvest,J"]
[Result "0-1"]
[WhiteElo "2274"]
[BlackElo "2591"]

1.c4 Nf6 2.g3 c6 3.Bg2 d5 4.Nf3 Bf5 5.cxd5 cxd5 6.Qb3 Qb6 7.Qxb6 axb6 8.Nc3 Nc6
9.Nb5 Kd7 10.O-O e6 11.d3 Be7 12.Be3 Bc5 13.Nbd4 Nxd4 14.Bxd4 Rhc8 15.a3 Bg4
16.Bc3 Bd6 17.h3 Bh5 18.g4 Bg6 19.Rac1 Ke8 20.Nh4 Rc6 21.Nf3 h6 22.Nh4 Rcc8
23.Rfe1 Kd7 24.e4 e5 25.Nf5 Bxf5 26.exf5 Ra4 27.Bd2 Rc6 28.Bf1 Ra8 29.Be3 Rac8
30.Rxc6 bxc6 31.d4 Re8 32.Rd1 b5 33.Kg2 exd4 34.Bxd4 Be5 35.f3 Bxd4 36.Rxd4 Re1
37.a4 Rb1 38.Rb4 bxa4 39.Bd3 c5 40.Rb6 Kc7 41.Rb5 Rc1 42.f4 Nd7 43.f6 Nxf6
44.g5 hxg5 45.fxg5 Nd7 46.h4 g6 47.Ra5 Ne5  0-1